000 00917 a2200205 4500
001 29642
005 20260407155606.0
008 260407a1969 arg spa d
003 AR-UNSa-BCEJYS
040 _aAR-UNSa-BCEJYS
_bspa
_cAR-UNSa-BCEJYS
080 _a657.36
_xBalances de comprobación (balance estimativo). Balances de saldo. Balance intermedio
245 1 0 _aCómo interpretar un balance
264 1 _aBilbao :
_bEdiciones Deusto
_c1969
300 _a192 p.
_c21 cm.
505 _aPrimera parte: El balance - 1. EL balance - 2. El contenido del balance - 3. Valoración de la empresa - Segunda parte: El análisis del balance - 4. Generalidades - 5. Análisis económico - 6. Análisis financiero - 7. Comparaciones de empresas - Apéndice: Casos prácticos
942 _cBK
590 _aniveau_biblio:m niveau_hierar:0
100 1 _aFernández Eléjaga, José Antonio
700 1 _aNavarro Viota, Ignacio
999 _c1921
_d1921